000 00589nam a2200205Ii 4500
003 JO-AjNU
008 230606s9999||||xx |||||||||||||| ||und||
017 _a2015/11/5667
040 _aJO-AjNU
_beng
_erda
_cJO-AjNU
041 _aeng
050 1 4 _aDS153.3.2012
100 3 _aHattab, Sultan,
_eauthor
_95250
245 0 0 _aShrines, Tombs And Old Mosques In Jordan
264 3 1 _aAmman: Dar Aluroba ,2015
300 _a264p
336 _atext
_btxt
_2rdacontent
337 _aunmediated
_bn
_2rdamedia
338 _avolume
_bnc
_2rdacarrier
650 4 _aDescriptors-- Mosques-jordan
_95251
999 _aE2713
_c2711
_d2711